[Event "Terre degli Elimi op 7th"]
[Site "Erice"]
[Date "2016.07.28"]
[Round "1"]
[White "Verrascina, Roberto"]
[Black "Bertino, Giacomo"]
[Result "1-0"]
[WhiteElo "2202"]
[BlackElo "1950"]
[PlyCount "77"]
[EventDate "2016.07.28"]
[EventType "swiss"]
[EventRounds "9"]
[EventCountry "ITA"]
[SourceTitle "EXT 2017"]
[Source "ChessBase"]
[SourceDate "2016.10.25"]
[SourceVersion "1"]
[SourceVersionDate "2016.10.25"]
[SourceQuality "1"]

1. d4 d5 2. Bg5 c6 3. Nf3 Qb6 4. Qc1 Bf5 5. e3 Nd7 6. Nbd2 Ngf6 7. Be2 h6 8. Bf4 Nh5 9. Be5 Nxe5 10. dxe5 g6 11. 0-0 Ng7 12. Nd4 Bd7 13. c4 Rc8 14. c5 Qc7 15. f4 a5 16. Bd3 Nf5 17. e6 Bxe6 18. Nxe6 fxe6 19. Nf3 d4 20. g4 Nxe3 21. Bxg6+ Kd7 22. Ne5+ Kd8 23. Qxe3 dxe3 24. Rfd1+ Qd6 25. cxd6 exd6 26. Nf7+ Ke7 27. Nxh8 Bg7 28. Nf7 Bxb2 29. Rab1 e2 30. Re1 Bd4+ 31. Kg2 b5 32. Rxe2 b4 33. Rbe1 e5 34. fxe5 d5 35. Nxh6 Bc3 36. Rf1 d4 37. Rf7+ Ke6 38. Bf5+ Kd5 39. Bxc8 1-0

[Event "Terre degli Elimi op 6th"]
[Site "Erice"]
[Date "2015.08.03"]
[Round "8"]
[White "Bertino, Giacomo"]
[Black "Konopka, Jeremiasz"]
[Result "0-1"]
[WhiteElo "1947"]
[BlackElo "1935"]
[PlyCount "148"]
[EventDate "2015.07.28"]
[EventType "swiss"]
[EventRounds "9"]
[EventCountry "ITA"]
[SourceTitle "EXT 2017"]
[Source "ChessBase"]
[SourceDate "2016.10.25"]
[SourceVersion "1"]
[SourceVersionDate "2016.10.25"]
[SourceQuality "1"]

1. d4 Nf6 2. c4 g6 3. Nc3 d5 4. Nf3 Bg7 5. cxd5 Nxd5 6. Qb3 Nxc3 7. bxc3 0-0 8. Bg5 b6 9. e3 Bb7 10. Rd1 Nc6 11. Be2 Na5 12. Qa3 f6 13. Bf4 Bd5 14. 0-0 Nc4 15. Qc1 g5 16. e4 Bf7 17. Bg3 Nd6 18. Bd3 Bg6 19. Rfe1 Kh8 20. Qc2 g4 21. Nh4 e5 22. Nxg6+ hxg6 23. dxe5 fxe5 24. Be2 Qg5 25. Rd5 Rad8 26. Red1 Kh7 27. Qd2 Qf6 28. Qc2 c6 29. R5d3 Nb7 30. Rxd8 Rxd8 31. Rxd8 Qxd8 32. Bxg4 Nc5 33. Be2 Qd6 34. f3 Bh6 35. Kf1 Ne6 36. Qd1 Bf8 37. Qxd6 Bxd6 38. Bf2 Nc5 39. Ke1 Kg7 40. g3 Nd7 41. Be3 a5 42. Kd2 Bc5 43. f4 Bxe3+ 44. Kxe3 Kf6 45. h4 Nc5 46. h5 gxh5 47. Bxh5 Ne6 48. Be8 c5 49. a4 Nc7 50. Bc6 Ne6 51. f5 Nc7 52. c4 Na6 53. Kf3 Nb4 54. Bb5 Kg5 55. f6 Kxf6 56. Kg4 Nd3 57. Kh5 Nf2 58. Bc6 Nh3 59. Bd7 Ng5 60. Bf5 Nf7 61. g4 Nd6 62. Kh6 Nf7+ 63. Kh5 Nd6 64. Bg6 Kg7 65. Kg5 Nxc4 66. Be8 Nd6 67. Bc6 c4 68. Bd5 c3 69. Bb3 b5 70. axb5 Nxb5 71. Ba4 Nd4 72. Bd1 c2 73. Bxc2 Nxc2 74. Kf5 a4 0-1

[Event "Terre degli Elimi op 6th"]
[Site "Erice"]
[Date "2015.07.31"]
[Round "5"]
[White "Bertino, Giacomo"]
[Black "Bleys, Michiel"]
[Result "0-1"]
[WhiteElo "1947"]
[BlackElo "1880"]
[PlyCount "76"]
[EventDate "2015.07.28"]
[EventType "swiss"]
[EventRounds "9"]
[EventCountry "ITA"]
[SourceTitle "EXT 2017"]
[Source "ChessBase"]
[SourceDate "2016.10.25"]
[SourceVersion "1"]
[SourceVersionDate "2016.10.25"]
[SourceQuality "1"]

1. d4 Nf6 2. Nf3 g6 3. e3 Bg7 4. Be2 0-0 5. 0-0 d6 6. b3 Nbd7 7. Bb2 c6 8. Nbd2 Qc7 9. a4 Rb8 10. Re1 Re8 11. Rc1 e5 12. dxe5 dxe5 13. Ba3 e4 14. Nd4 a6 15. Nc4 c5 16. c3 cxd4 17. Bd6 Qd8 18. Bxb8 Nxb8 19. cxd4 Nc6 20. Qd2 Bf8 21. Red1 Nd5 22. Ne5 Ncb4 23. f3 exf3 24. Bxf3 f6 25. Nd3 Nxd3 26. Bxd5+ Qxd5 27. Qxd3 Bf5 28. Qc3 Bd6 29. b4 Be4 30. Qb2 Qh5 31. h3 Qg5 32. Re1 Qg3 33. Re2 Qh2+ 34. Kf1 Bg3 35. Qb3+ Kg7 36. Rec2 Qh1+ 37. Ke2 Qxg2+ 38. Kd1 Bf3+ 0-1

[Event "Terre degli Elimi op 6th"]
[Site "Erice"]
[Date "2015.07.30"]
[Round "4"]
[White "Algeri, Lorenzo"]
[Black "Bertino, Giacomo"]
[Result "0-1"]
[WhiteElo "1925"]
[BlackElo "1947"]
[PlyCount "166"]
[EventDate "2015.07.28"]
[EventType "swiss"]
[EventRounds "9"]
[EventCountry "ITA"]
[SourceTitle "EXT 2017"]
[Source "ChessBase"]
[SourceDate "2016.10.25"]
[SourceVersion "1"]
[SourceVersionDate "2016.10.25"]
[SourceQuality "1"]

1. e4 c5 2. c3 Qa5 3. Nf3 Nc6 4. Be2 d6 5. 0-0 Nf6 6. d3 g6 7. Nbd2 Bg7 8. Nc4 Qc7 9. Be3 b5 10. Ncd2 Rb8 11. d4 Ng4 12. dxc5 Nxe3 13. cxd6 exd6 14. fxe3 Bh6 15. a4 Bxe3+ 16. Kh1 a6 17. axb5 axb5 18. Ne1 0-0 19. Nc2 Bh6 20. Nf3 Re8 21. Ncd4 Nxd4 22. Nxd4 Bd7 23. Qb3 Re7 24. Qd5 Qc5 25. Ra6 b4 26. Bc4 Qxd5 27. Bxd5 bxc3 28. bxc3 Bf4 29. Ra7 Kf8 30. g3 Be5 31. Kg1 f6 32. Rfa1 Rc8 33. Ra8 Ree8 34. Rxc8 Rxc8 35. Ra8 Rxa8 36. Bxa8 Kg7 37. Kf2 Kh6 38. Kf3 Kg5 39. Bd5 h5 40. Bf7 Kh6 41. Bc4 h4 42. Kf2 Kh5 43. Be2+ Bg4 44. Bc4 Bd1 45. Bf7 hxg3+ 46. hxg3 Kh6 47. Be6 Kg7 48. Ba2 Bg4 49. Kg2 Kf8 50. Bc4 Ke8 51. Bb5+ Bd7 52. Bc4 Ba4 53. Kf2 Kd7 54. Bf7 g5 55. g4 Kc7 56. Ke3 Bd7 57. Kf3 Kb6 58. Nf5 Kc5 59. c4 Ba4 60. Ke2 Bc2 61. Bd5 Bf4 62. Ne7 Kb4 63. Ng8 Be5 64. Kd2 Bb3 65. Kd3 Ka3 66. Nh6 Kb2 67. Nf7 Bc2+ 68. Ke2 Bf4 69. Nd8 Kc3 70. Ne6 Bd3+ 71. Kf2 Be5 72. c5 dxc5 73. Ke1 c4 74. Nc5 Bg3+ 75. Kd1 Bc2+ 76. Ke2 Bf4 77. Ne6 Bd3+ 78. Kd1 Be3 79. Nc7 Kb2 80. Bxc4 Bxc4 81. Nd5 Bxd5 82. exd5 Bf4 83. Ke2 Kc3 0-1

[Event "Terre degli Elimi op 5th"]
[Site "Erice"]
[Date "2014.07.23"]
[Round "7"]
[White "Bertino, Giacomo"]
[Black "Lombardo, Corrado"]
[Result "1-0"]
[WhiteElo "1918"]
[BlackElo "1830"]
[PlyCount "85"]
[EventDate "2014.07.19"]
[EventType "swiss"]
[EventRounds "9"]
[EventCountry "ITA"]
[SourceTitle "CBM 161 Extra"]
[Source "ChessBase"]
[SourceDate "2014.08.29"]
[SourceVersion "1"]
[SourceVersionDate "2014.08.29"]
[SourceQuality "1"]

1. Nf3 d5 2. d4 Nf6 3. e3 c5 4. c3 e6 5. Nbd2 Nc6 6. Bd3 Bd7 7. 0-0 Qc7 8. dxc5 Bxc5 9. e4 dxe4 10. Nxe4 Nxe4 11. Bxe4 Ne7 12. Re1 Bc6 13. Ng5 Bxe4 14. Nxe4 Nf5 15. Qa4+ Ke7 16. Nxc5 Qxc5 17. b3 b5 18. Qa5 Qb6 19. Qb4+ Nd6 20. Ba3 h6 21. Rad1 Rad8 22. Qg4 g5 23. h4 Rhg8 24. Rxd6 Rxd6 25. Rd1 Rgd8 26. hxg5 hxg5 27. Qxg5+ Ke8 28. Qg8+ Ke7 29. Qg3 a5 30. Rxd6 Rxd6 31. Qxd6+ Qxd6 32. Bxd6+ Kxd6 33. Kf1 Kd5 34. Ke2 Ke4 35. g3 f5 36. f3+ Ke5 37. Ke3 Kd6 38. g4 fxg4 39. fxg4 Ke5 40. c4 bxc4 41. bxc4 a4 42. a3 Kd6 43. g5 1-0

[Event "Terre degli Elimi op 5th"]
[Site "Erice"]
[Date "2014.07.23"]
[Round "6"]
[White "Favaloro, Andrea"]
[Black "Bertino, Giacomo"]
[Result "1-0"]
[WhiteElo "2008"]
[BlackElo "1918"]
[PlyCount "93"]
[EventDate "2014.07.19"]
[EventType "swiss"]
[EventRounds "9"]
[EventCountry "ITA"]
[SourceTitle "CBM 161 Extra"]
[Source "ChessBase"]
[SourceDate "2014.08.29"]
[SourceVersion "1"]
[SourceVersionDate "2014.08.29"]
[SourceQuality "1"]

1. e4 c5 2. Nf3 Nc6 3. d4 cxd4 4. Nxd4 g6 5. Nc3 Bg7 6. Be3 Nf6 7. Nxc6 bxc6 8. e5 Ng8 9. f4 Nh6 10. Qd2 Nf5 11. Bf2 Rb8 12. Bc4 Qa5 13. g4 d5 14. Bb3 Nh6 15. h3 0-0 16. 0-0-0 f6 17. e6 Re8 18. Rhe1 Kf8 19. Na4 Qxd2+ 20. Rxd2 Rb4 21. Rd4 Rxb3 22. axb3 f5 23. g5 Bxd4 24. Bxd4 Ng8 25. Nc5 Rd8 26. c3 Rd6 27. Be5 Ke8 28. Kc2 Rxe6 29. Nxe6 Bxe6 30. Ra1 Bd7 31. Rxa7 e6 32. Ra8+ Kf7 33. Bd6 Ne7 34. Bxe7 Kxe7 35. Rh8 e5 36. Rxh7+ Ke6 37. fxe5 Be8 38. b4 Bf7 39. Kd3 Bg8 40. Rc7 Kxe5 41. Rxc6 Be6 42. Ke3 f4+ 43. Kf3 Bxh3 44. Rxg6 Bf5 45. Rf6 Be4+ 46. Kf2 Bd3 47. Rb6 1-0

[Event "Terre degli Elimi op 4th"]
[Site "Erice"]
[Date "2013.07.28"]
[Round "7"]
[White "Bertino, Giacomo"]
[Black "Bifulco, Michel"]
[Result "0-1"]
[WhiteElo "1928"]
[BlackElo "2026"]
[PlyCount "130"]
[EventDate "2013.07.24"]
[EventType "swiss"]
[EventRounds "7"]
[EventCountry "ITA"]
[SourceTitle "EXT 2015"]
[Source "ChessBase"]
[SourceDate "2014.11.20"]
[SourceVersion "1"]
[SourceVersionDate "2014.11.20"]
[SourceQuality "1"]

1. d4 d5 2. Nf3 Nc6 3. Bf4 Bg4 4. Nbd2 e6 5. h3 Bh5 6. c3 Bd6 7. Ne5 Nge7 8. Ndf3 f6 9. Nxc6 bxc6 10. e3 0-0 11. Be2 c5 12. dxc5 Bxc5 13. Nd4 Bf7 14. Bg4 e5 15. Ne6 Bxe6 16. Bxe6+ Kh8 17. Bg3 Qd6 18. Bg4 Qb6 19. Qd2 a5 20. 0-0 Rad8 21. Qc2 Bd6 22. Qb3 Qa6 23. Be6 e4 24. Bxd6 Qxd6 25. Bg4 f5 26. Be2 f4 27. exf4 Qxf4 28. Qa3 Nc6 29. Qc5 Rd6 30. Rad1 Rf5 31. Bg4 Rg5 32. Qe3 Qxe3 33. fxe3 h5 34. Rf5 Rxf5 35. Bxf5 Ne7 36. Rf1 g6 37. Bc8 Kg7 38. Bb7 Rb6 39. Ba8 Rb8 40. Bxd5 Nxd5 41. Rd1 Nf6 42. b3 Rb6 43. Rd8 Rd6 44. Rc8 Rc6 45. c4 a4 46. Kf2 axb3 47. axb3 Kf7 48. Ke2 Ne8 49. Kd2 Rd6+ 50. Ke2 Rd3 51. Rb8 Ke7 52. c5 Rc3 53. b4 Rc2+ 54. Kf1 Nf6 55. b5 Nd5 56. b6 Nxe3+ 57. Kg1 Rxc5 58. bxc7 Rxc7 59. Rb4 Rc4 60. Rb6 Rc2 61. Rb4 Rc4 62. Rb6 g5 63. Kf2 Nd5 64. Rg6 e3+ 65. Kf3 Rf4+ 0-1

[Event "Terre degli Elimi op 4th"]
[Site "Erice"]
[Date "2013.07.25"]
[Round "2"]
[White "Bertino, Giacomo"]
[Black "Fontana, Giulio"]
[Result "1-0"]
[WhiteElo "1928"]
[BlackElo "1774"]
[PlyCount "141"]
[EventDate "2013.07.24"]
[EventType "swiss"]
[EventRounds "7"]
[EventCountry "ITA"]
[SourceTitle "EXT 2015"]
[Source "ChessBase"]
[SourceDate "2014.11.20"]
[SourceVersion "1"]
[SourceVersionDate "2014.11.20"]
[SourceQuality "1"]

1. d4 d5 2. Nf3 Nf6 3. e3 e6 4. Bd3 b6 5. 0-0 Ba6 6. Bxa6 Nxa6 7. c4 Nb8 8. Ne5 Bd6 9. Qa4+ Nbd7 10. Nc6 Qc8 11. cxd5 exd5 12. Nc3 a6 13. e4 dxe4 14. Re1 0-0 15. Nxe4 Nxe4 16. Rxe4 Nf6 17. Re1 Qg4 18. h3 Qh4 19. Qc2 Rfe8 20. Be3 Re6 21. Ne5 Nd5 22. Qc6 Rd8 23. Qc2 Rde8 24. Nf3 Nxe3 25. fxe3 Qg3 26. e4 Rg6 27. e5 Bb4 28. Rf1 Qxh3 29. Qxg6 Qxf3 30. Qxg7+ Kxg7 31. Rxf3 Rd8 32. a3 Be7 33. Raf1 Rf8 34. b4 h6 35. Kh2 Bg5 36. Rc3 Rd8 37. Rd1 Bf4+ 38. g3 Bxe5 39. Rcd3 Bd6 40. Kh3 Re8 41. Kg4 Kg6 42. Kf3 Re6 43. Re3 Rf6+ 44. Kg2 Kg5 45. Rf1 Rxf1 46. Kxf1 Kg4 47. Kg2 f5 48. Re6 f4 49. gxf4 Bxf4 50. d5 Kf5 51. Kf3 Bc1 52. a4 Ba3 53. b5 axb5 54. axb5 Kg5 55. Re5+ Kg6 56. Kg4 Bd6 57. Re6+ Kg7 58. Kh5 Bf4 59. Kg4 Bd6 60. Kf5 Kf7 61. Rxh6 Ke7 62. Rh7+ Kd8 63. Ke6 Kc8 64. Rd7 Bh2 65. d6 Bxd6 66. Rxd6 cxd6 67. Kxd6 Kd8 68. Kc6 Kc8 69. Kxb6 Kb8 70. Kc6 Kc8 71. b6 1-0

[Event "Terre degli Elimi op 3rd"]
[Site "Erice"]
[Date "2012.07.28"]
[Round "5"]
[White "Bertino, Giacomo"]
[Black "Fabiano, Giuseppe"]
[Result "0-1"]
[WhiteElo "1961"]
[BlackElo "2113"]
[PlyCount "96"]
[EventDate "2012.07.25"]
[EventType "swiss"]
[EventRounds "7"]
[EventCountry "ITA"]
[SourceTitle "EXT 2013"]
[Source "ChessBase"]
[SourceDate "2012.11.22"]
[SourceVersion "1"]
[SourceVersionDate "2012.11.22"]
[SourceQuality "1"]

1. e4 c5 2. d4 cxd4 3. c3 d3 4. Bxd3 d6 5. Be3 a6 6. Nf3 Nd7 7. Nbd2 Ngf6 8. h3 b6 9. b4 Bb7 10. 0-0 e6 11. Qe2 Be7 12. Rfd1 Qc7 13. Rac1 d5 14. e5 Nxe5 15. Nxe5 Qxe5 16. Bxb6 Nd7 17. Be3 h6 18. f4 Qb8 19. Nf3 0-0 20. Rf1 Bd6 21. Nd4 Qd8 22. a4 Re8 23. Bb1 Bf8 24. Nf3 Bd6 25. Qd3 Nf8 26. Ne5 Rc8 27. Bd4 Qc7 28. Rce1 a5 29. f5 f6 30. Ng4 e5 31. Be3 Qc4 32. Qxc4 Rxc4 33. Ba2 Rxc3 34. bxa5 Kh7 35. Rb1 Ba8 36. Bxh6 Bc5+ 37. Kh1 Rd8 38. Bc1 d4 39. Nf2 Rg3 40. Rg1 d3 41. Kh2 Bxf2 42. Rb4 e4 43. Rf1 d2 44. Bb3 Rxb3 45. Rxb3 dxc1Q 46. Rxc1 e3 47. Rc2 Be4 48. Rcb2 Rd2 0-1

[Event "Terre degli Elimi op 3rd"]
[Site "Erice"]
[Date "2012.07.28"]
[Round "4"]
[White "Savalla, Pietro"]
[Black "Bertino, Giacomo"]
[Result "1-0"]
[WhiteElo "1859"]
[BlackElo "1961"]
[PlyCount "125"]
[EventDate "2012.07.25"]
[EventType "swiss"]
[EventRounds "7"]
[EventCountry "ITA"]
[SourceTitle "EXT 2013"]
[Source "ChessBase"]
[SourceDate "2012.11.22"]
[SourceVersion "1"]
[SourceVersionDate "2012.11.22"]
[SourceQuality "1"]

1. d4 g6 2. e4 Bg7 3. c3 d6 4. Nf3 Nf6 5. Bd3 0-0 6. 0-0 c6 7. Nbd2 Qc7 8. Qe2 e5 9. dxe5 dxe5 10. Nc4 Nbd7 11. h3 b5 12. Ncd2 a5 13. a4 bxa4 14. Rxa4 Nc5 15. Ra1 Nh5 16. Qe3 Nxd3 17. Qxd3 Rd8 18. Qc2 Nf4 19. Nb3 Ba6 20. c4 Bc8 21. Be3 Bf8 22. Rfd1 f6 23. Nc5 Ne6 24. Rxd8 Qxd8 25. Nxe6 Bxe6 26. b3 Qc7 27. Bd2 Qb6 28. Qa2 Rb8 29. Bxa5 Qxb3 30. Qxb3 Rxb3 31. Nd2 Ra3 32. Rxa3 Bxa3 33. Kf1 Bb2 34. Bb4 f5 35. f3 Kg7 36. Ke2 Kh6 37. Kd3 Kg5 38. g3 Kh5 39. Be7 g5 40. g4+ fxg4 41. hxg4+ Kg6 42. c5 h5 43. gxh5+ Kxh5 44. Bd6 Kh4 45. Be7 Bd4 46. f4 Kh5 47. fxg5 Kg6 48. Nf3 Ba1 49. Bf6 Bg4 50. Nh4+ Kf7 51. Nf5 Bxf5 52. exf5 Bd4 53. Kc4 Bb2 54. Bh8 Kg8 55. Bf6 Kf7 56. Kd3 Bd4 57. Ke4 Bxc5 58. Bxe5 Ba3 59. g6+ Kg8 60. f6 Bb4 61. f7+ Kf8 62. Kf5 Bd2 63. Bd6+ 1-0

[Event "Terrasini Mediterranean op 3rd"]
[Site "Terrasini"]
[Date "2012.06.24"]
[Round "1"]
[White "Bertino, Giacomo"]
[Black "Sbarra, Marco"]
[Result "0-1"]
[WhiteElo "1987"]
[BlackElo "2271"]
[PlyCount "54"]
[EventDate "2012.06.24"]
[EventType "swiss"]
[EventRounds "9"]
[EventCountry "ITA"]
[SourceTitle "CBM 149 Extra"]
[Source "ChessBase"]
[SourceDate "2012.08.24"]
[SourceVersion "1"]
[SourceVersionDate "2012.08.24"]
[SourceQuality "1"]

1. e4 e5 2. Nf3 Nc6 3. Nc3 Nf6 4. d4 exd4 5. Nd5 Be7 6. Bf4 d6 7. Nxd4 0-0 8. Nxc6 bxc6 9. Nxf6+ Bxf6 10. c3 d5 11. exd5 cxd5 12. Bb5 Rb8 13. Qe2 Bg4 14. f3 Be6 15. 0-0 Rb6 16. Be3 d4 17. Rfd1 Qb8 18. Bd3 dxe3 19. Qxe3 Rxb2 20. Rab1 Rxb1 21. Rxb1 Qa8 22. Rb5 Qd8 23. Rh5 g6 24. Qh6 Re8 25. Qxh7+ Kf8 26. Bxg6 fxg6 27. Qxg6 Bg7 0-1

[Event "Sicilia Regional-ch"]
[Site "Marsala"]
[Date "2011.06.04"]
[Round "3"]
[White "Piazza, Dario"]
[Black "Bertino, Giacomo"]
[Result "1/2-1/2"]
[WhiteElo "1751"]
[BlackElo "1991"]
[PlyCount "45"]
[EventDate "2011.06.01"]
[EventType "swiss"]
[EventRounds "7"]
[EventCountry "ITA"]
[SourceTitle "EXT 2023"]
[Source "ChessBase"]
[SourceDate "2022.10.05"]
[SourceVersion "1"]
[SourceVersionDate "2022.10.05"]
[SourceQuality "1"]

1. d4 d5 2. Nf3 Nf6 3. e3 g6 4. Nbd2 Bg7 5. c3 Nbd7 6. Be2 0-0 7. 0-0 c5 8. b3 b6 9. Bb2 Bb7 10. Re1 Rc8 11. a4 Re8 12. c4 e6 13. a5 Qc7 14. Bd3 Red8 15. Qe2 Ne4 16. axb6 axb6 17. Rab1 Ra8 18. dxc5 Nexc5 19. Bxg7 Kxg7 20. Rec1 Qd6 21. b4 Nxd3 22. Qxd3 Ba6 23. Qd4+ 1/2-1/2

[Event "Trapani Province-ch"]
[Site "Erice"]
[Date "2011.02.12"]
[Round "1"]
[White "Bertino, Giacomo"]
[Black "Cerami, Giuseppe"]
[Result "1-0"]
[WhiteElo "1992"]
[BlackElo "1625"]
[PlyCount "65"]
[EventDate "2011.02.12"]
[EventType "swiss"]
[EventRounds "6"]
[EventCountry "ITA"]
[SourceTitle "EXT 2024"]
[Source "ChessBase"]
[SourceDate "2023.10.10"]
[SourceVersion "1"]
[SourceVersionDate "2023.10.10"]
[SourceQuality "1"]

1. d4 Nf6 2. c4 g6 3. Nc3 Bg7 4. e4 d6 5. Nf3 0-0 6. Be2 Nbd7 7. 0-0 c5 8. d5 Re8 9. Bf4 Nf8 10. Re1 a6 11. Qd2 Nh5 12. Be3 Nf6 13. Rad1 N8d7 14. h3 Rb8 15. Ng5 Bh6 16. Nxh7 Bxe3 17. Nxf6+ Nxf6 18. Qxe3 Kg7 19. f4 Rh8 20. e5 Nh5 21. g4 Nxf4 22. Qxf4 Rxh3 23. Rd3 Qh8 24. Rxh3 Qxh3 25. Qf3 Bxg4 26. Qxg4 Qe3+ 27. Kf1 Rh8 28. Qf3 Qg5 29. exd6 exd6 30. Ne4 Qe5 31. Qc3 Rh1+ 32. Kf2 Rh2+ 33. Kg1 1-0

[Event "Trapani Province-ch"]
[Site "Erice"]
[Date "2011.02.12"]
[Round "2"]
[White "Silvestro, Roberto Luigi"]
[Black "Bertino, Giacomo"]
[Result "0-1"]
[WhiteElo "1751"]
[BlackElo "1992"]
[PlyCount "74"]
[EventDate "2011.02.12"]
[EventType "swiss"]
[EventRounds "6"]
[EventCountry "ITA"]
[SourceTitle "EXT 2024"]
[Source "ChessBase"]
[SourceDate "2023.10.10"]
[SourceVersion "1"]
[SourceVersionDate "2023.10.10"]
[SourceQuality "1"]

1. c4 b6 2. b3 Bb7 3. Bb2 e6 4. e3 Nf6 5. Nf3 Be7 6. Be2 0-0 7. 0-0 d5 8. cxd5 exd5 9. Nc3 c5 10. d4 Nc6 11. Rc1 Rc8 12. a4 Re8 13. Qd2 Ne4 14. Qd1 a6 15. dxc5 Nxc3 16. Bxc3 bxc5 17. Bb2 Nb4 18. Ne5 Bf6 19. f4 Bxe5 20. fxe5 Qg5 21. Bf3 Qxe3+ 22. Kh1 Nd3 23. Rc2 Nxb2 24. Rxb2 Qxe5 25. Re2 Qd6 26. Ref2 Re7 27. Bh5 g6 28. Bf3 Rce8 29. Qd2 d4 30. Be2 Bd5 31. Rf6 Qxf6 32. Rxf6 Rxe2 33. Qd3 Rxg2 34. Rf3 Rf2 35. Kg1 Rxf3 36. Qd2 Rxb3 37. Qg5 Rb2 0-1

[Event "Erice op 1st"]
[Site "Erice"]
[Date "2010.08.01"]
[Round "7"]
[White "Bertino, Giacomo"]
[Black "Gangemi, Salvatore"]
[Result "1-0"]
[WhiteElo "1988"]
[BlackElo "2091"]
[PlyCount "155"]
[EventDate "2010.07.28"]
[EventType "swiss"]
[EventRounds "7"]
[EventCountry "ITA"]
[SourceTitle "EXT 2024"]
[Source "ChessBase"]
[SourceDate "2023.10.10"]
[SourceVersion "1"]
[SourceVersionDate "2023.10.10"]
[SourceQuality "1"]

1. Nf3 Nf6 2. d4 d5 3. e3 e6 4. Bd3 Nbd7 5. Nbd2 c5 6. c3 Bd6 7. 0-0 0-0 8. Re1 e5 9. e4 cxd4 10. cxd4 dxe4 11. Nxe4 Bb4 12. Nxf6+ Nxf6 13. Rxe5 Bg4 14. Bg5 Bd6 15. Re4 Qd7 16. Bxf6 gxf6 17. h3 f5 18. Re1 Bh5 19. Be2 Qd8 20. Ne5 Bg6 21. Qb3 Qe7 22. Bf3 Qh4 23. Rad1 Kg7 24. Nc4 Bc7 25. d5 b5 26. Qxb5 Rab8 27. Qc5 Bd8 28. Qd4+ Qxd4 29. Rxd4 Bf6 30. Rd2 Rb4 31. Rc2 f4 32. Be4 Re8 33. f3 Bh4 34. Ree2 f5 35. Bd3 Rd8 36. d6 Bf7 37. a3 Rb3 38. Red2 Be1 39. Rd1 Bg3 40. Bxf5 Rb5 41. Be4 Be6 42. a4 Rb4 43. Bd5 Bxd5 44. Rxd5 Rxa4 45. Rc1 Kf6 46. Kf1 Ke6 47. Rd2 Bh4 48. Ke2 Bf6 49. Kd3 Kd7 50. Ke4 Rc8 51. b3 Rb4 52. Rd3 a5 53. Kf5 Bg7 54. Re1 Rb5+ 55. Kxf4 Bh6+ 56. Kg3 Rg8+ 57. Kf2 Bg5 58. g3 Bf6 59. f4 Rgb8 60. Ne5+ Bxe5 61. Rxe5 Rxb3 62. Rxb3 Rxb3 63. Rxa5 Kxd6 64. Ra7 h5 65. Ra6+ Kd5 66. Ra5+ Ke4 67. Re5+ Kd4 68. Rxh5 Ke4 69. Re5+ Kd4 70. h4 Rc3 71. h5 Ra3 72. Kg2 Ra1 73. Kh3 Rh1+ 74. Kg4 Rh2 75. Kg5 Rh1 76. g4 Rh2 77. h6 Rh1 78. Re8 1-0

[Event "Erice op 1st"]
[Site "Erice"]
[Date "2010.07.31"]
[Round "4"]
[White "Bertino, Giacomo"]
[Black "Ljubisavljevic, Zivojin Z"]
[Result "0-1"]
[WhiteElo "1988"]
[BlackElo "2271"]
[PlyCount "142"]
[EventDate "2010.07.28"]
[EventType "swiss"]
[EventRounds "7"]
[EventCountry "ITA"]
[SourceTitle "EXT 2024"]
[Source "ChessBase"]
[SourceDate "2023.10.10"]
[SourceVersion "1"]
[SourceVersionDate "2023.10.10"]
[SourceQuality "1"]

1. e4 g6 2. d4 Bg7 3. Nc3 c5 4. Nf3 cxd4 5. Nxd4 Nc6 6. Be3 Nf6 7. f3 d6 8. Bc4 0-0 9. Qd2 Nxd4 10. Bxd4 a6 11. h4 Be6 12. Bxe6 fxe6 13. 0-0-0 Qa5 14. Kb1 Rac8 15. Nd5 Qxd2 16. Nxf6+ Bxf6 17. Rxd2 Bxd4 18. Rxd4 Rc5 19. Rb4 b5 20. a4 Rfc8 21. axb5 axb5 22. c3 Kg7 23. Kc2 Ra8 24. Kd3 Kf6 25. g3 e5 26. Rf1 Ke6 27. f4 exf4 28. Rxf4 Ra1 29. Ke3 h5 30. Rf8 g5 31. Rb8 gxh4 32. gxh4 Rh1 33. R4xb5 Rxb5 34. Rxb5 Rxh4 35. Rf5 Kd7 36. b4 Kc6 37. Kd3 e5 38. Rg5 Kb5 39. Rg8 Rh3+ 40. Kd2 h4 41. Rb8+ Kc6 42. Rh8 Kb5 43. Rb8+ Ka4 44. Ra8+ Kb3 45. b5 Rg3 46. b6 Rg7 47. Ra7 Rg8 48. b7 Rb8 49. Ra8 Rxb7 50. Rh8 Rg7 51. Rb8+ Kc4 52. Rc8+ Kb5 53. Rb8+ Kc6 54. Rc8+ Kd7 55. Rh8 Rg4 56. Rh6 Ke7 57. Kd3 Rg3+ 58. Kc4 h3 59. Kd5 Rxc3 60. Rh7+ Kf6 61. Kxd6 Rd3+ 62. Kc5 Kg5 63. Kc4 Rd4+ 64. Kc3 Kg4 65. Rg7+ Kf3 66. Rh7 Kg2 67. Rg7+ Kh1 68. Rh7 h2 69. Rh4 Kg2 70. Rg4+ Kh3 71. Rg8 Rxe4 0-1

[Event "Erice op 1st"]
[Site "Erice"]
[Date "2010.07.30"]
[Round "3"]
[White "Bertino, Giacomo"]
[Black "Gromovs, Sergejs"]
[Result "1/2-1/2"]
[WhiteElo "1988"]
[BlackElo "2365"]
[PlyCount "69"]
[EventDate "2010.07.28"]
[EventType "swiss"]
[EventRounds "7"]
[EventCountry "ITA"]
[SourceTitle "EXT 2024"]
[Source "ChessBase"]
[SourceDate "2023.10.10"]
[SourceVersion "1"]
[SourceVersionDate "2023.10.10"]
[SourceQuality "1"]

1. d4 d5 2. c4 e5 3. dxe5 d4 4. Nf3 Nc6 5. a3 Bg4 6. Nbd2 f6 7. exf6 Nxf6 8. g3 Be7 9. Bg2 0-0 10. Nb3 Ne4 11. 0-0 Bf6 12. Nfxd4 Nxf2 13. Rxf2 Nxd4 14. Nxd4 Bxd4 15. Bd5+ Qxd5 16. cxd5 Bxf2+ 17. Kg2 Rae8 18. Qa4 Bxe2 19. Qxe8 Rxe8 20. Kxf2 Bc4 21. Be3 Rf8+ 22. Kg1 a6 23. Bf4 Bxd5 24. Bxc7 Rc8 25. Rc1 Bc6 26. Ba5 h5 27. Rd1 Be8 28. Kf2 Rc2+ 29. Rd2 Rc1 30. Ke3 Bc6 31. Rf2 Rc4 32. Rf4 Rc2 33. Rf2 Rc4 34. Rf4 Rc2 35. Rf2 1/2-1/2

[Event "Trapani Province-ch"]
[Site "Erice"]
[Date "2010.01.24"]
[Round "6"]
[White "Pandolfo, Sergio"]
[Black "Bertino, Giacomo"]
[Result "1/2-1/2"]
[WhiteElo "1640"]
[BlackElo "2002"]
[PlyCount "95"]
[EventDate "2010.01.10"]
[EventType "swiss"]
[EventRounds "6"]
[EventCountry "ITA"]
[SourceTitle "EXT 2024"]
[Source "ChessBase"]
[SourceDate "2023.10.10"]
[SourceVersion "1"]
[SourceVersionDate "2023.10.10"]
[SourceQuality "1"]

1. Nf3 g6 2. d4 Bg7 3. c4 Nf6 4. Nc3 c5 5. d5 0-0 6. e4 d6 7. Be2 b5 8. cxb5 a6 9. 0-0 Bd7 10. Nd2 axb5 11. Bxb5 Bxb5 12. Nxb5 Qa5 13. Qe2 Na6 14. Nb3 Qb6 15. Nc3 Rfb8 16. Be3 Nb4 17. e5 Nfxd5 18. Nxd5 Nxd5 19. exd6 Nxe3 20. Qxe3 exd6 21. Qe2 c4 22. Qxc4 Bxb2 23. Rab1 Be5 24. Nd2 Qa5 25. Rxb8+ Rxb8 26. Nf3 d5 27. Qe2 Bf6 28. Rd1 Rb2 29. Rd2 Qxa2 30. Rxb2 Qxb2 31. Qxb2 Bxb2 32. Kf1 Kf8 33. Ke2 Ke7 34. Kd3 h6 35. Ne1 Kd6 36. f3 Ke5 37. g3 g5 38. Ng2 Bc1 39. h3 h5 40. h4 f6 41. g4 hxg4 42. fxg4 gxh4 43. Nxh4 Kf4 44. Kd4 Kxg4 45. Ng2 Bd2 46. Kxd5 Kg3 47. Ke6 Bg5 48. Ne3 1/2-1/2